000 00987nam0a22002891 4500
001 RU\NLR\INFOCOMM_17\5000677177
005 20250613101533.0
035 _a(NLR Aleph) 009382435
090 _a7991114
_c7991114
100 _a20101229d1987 |||y0rusy50 ca
101 0 _apor
102 _aRU
105 _ay ||||000|y
200 1 _aO Grande Outubre e o mundo contemporâneo
210 _aM.
_cNaúka
_d1987
215 _a271 с.
_d20 см
225 1 _aHistória universal
_iInvestigações soviéticas
_vN 1
320 _aБиблиогр. в конце статей
606 _aВеликая Отечественная Социалистическая революция
_xВсемирно-историческое значение
_jСборники
_2nlr_sh1
686 _aА712я43
_2rubbk
686 _aТ3(2)711я43
_2rubbk
686 _aТ3(0)6-08я43
_2rubbk
801 1 _aRU
_bNLR
_c20101229
801 0 _aRU
_bNLR
_gPSBO
852 _aNLR
_jP22/4826
942 _cBOOK
980 _aNB